000
00377cam a2200169ua 4500
041
_a
eng
_h
082
_a
621.43
_b
KHU/IN
100
_a
Khurmi, R S.
245
_a
Internal combustion engines
250
_a
1 /
_b
.
260
_a
Mumbai :
_b
Asia Publishing House ,
_c
1962.
300
_a
382 ; .
504
_a
942
_c
BK
999
_c
5457
_d
5457